000 00377nam a22001337a 4500
003 SGT
020 _a9788126053421
082 _a891.4309
_bM17S
100 _aश्रीधर, विजय दत्त
245 _a माधवसप्रे रचना संचयन
260 _bसाहित्य अकादमी
_c2017
300 _a452
942 _2ddc
_cBK
999 _c28344
_d28344